Statistics for The Man Quiz

Click here to take the quiz!

General Stats

  • This quiz has been taken 35,043 times
    (21,686 since last reset)
  • The average score is 12 of 20

Answer Stats

ClueAnswer% Correct
Gotham's #1 superheroBatman
99%
Cowardly Lion's companionTin Man
86%
Alter ego of Tony StarkIron Man
84%
Web-slingerSpider-Man
82%
Mascot made of tiresMichelin Man
80%
Top groomsmanBest Man
79%
Christmas cookieGingerbread Man
72%
Ron BurgundyAnchorman
70%
Movie about an autistic card counterRain Man
68%
By the power of Greyskull!He-Man
63%
Sing us a song tonight /
We're all in the mood for a melody
Piano Man
59%
He busts through a wall saying
"Oh Yeah"
Kool-Aid Man
58%
Deformed man Joseph MerrickElephant Man
57%
Countercultural event in the Nevada DesertBurning Man
51%
Power pellet eaterPac Man
39%
ShamanMedicine Man
31%
Military diverFrogman
29%
Pauly Shore caveman movieEncino Man
27%
Da Vinci's symmetrical manVitruvian Man
25%
Wu-Tang memberMethod Man
21%

Score Distribution

Percentile by Number Answered

Percent of People with Each Score

Your Score History

You have not taken this quiz since the last reset